00469cam a2200145La 4500020003200000082002800032245002600060260004400086300002300130526003700153650003600190710002100226710001600247856006000263 a0585181322 (electronic bk.)04a336.2/05/091724bLEScD00aLessons of tax reform aWashington, D.C. :bWorld Bank,cc1991. av, 85 p. ;c23 cm. a0b0c0d336_205091724000000_LES 0aTaxationzDeveloping countries.2 aNetLibrary, Inc.2 aWorld Bank.4 uhttp://www.columbia.edu/cgi-bin/cul/resolve?clio4249743